000 00408nab a2200145Ia 4500
003 ES-SlBCS
005 20210601124258.0
008 140529s1954 xxu||||| |||| 00| 0 eng d
041 _aeng
100 1 _aLee, Damian
_9138993
245 0 2 _aA Sinner, Silence, and a Saint
_c Damian Lee
650 0 4 _aPecador-Santo
_9138994
773 0 _tDominicana
_gvol. 39, nº. 2, 1954, págs. 133-146
_wRev1398
942 _cAR
999 _c512208
_d512208